=LDR 00000nam 2200000 4500 =001 INLIS000000000021616 =005 20130612120448 =008 ***********************************Ind** =035 ##$$0010-061300000021616 =041 ##$$a Ind =082 ##$$a F Rom D =090 ##$$a F Rom D, Irf-k =100 ##$$a IRFANI, Tomy =245 ##$$a Kelana, journey to immortality, Tomy Irfani =260 ##$$a 2005 $b Jakarta =300 ##$$a vii, 386 hlm., ilus., 20 cm =650 ##$$a Fiksi Dewasa =850 ##$$a NBPNMAT